Psychosomatische Medizin

Gespeichert in:
Bibliographische Detailangaben
Hauptverfasser: Rudolf, Gerd (VerfasserIn) , Küchenhoff, Joachim (VerfasserIn)
Dokumenttyp: Kapitel/Artikel
Sprache:Deutsch
Veröffentlicht: 1999
In: Innere Medizin
Year: 1999, Pages: 1523-1607
Online-Zugang: Volltext
Verfasserangaben:G. Rudolf, J. Küchenhoff

MARC

LEADER 00000caa a22000002c 4500
001 1752229800
003 DE-627
005 20230427020404.0
007 tu
008 210323s1999 xx ||||| 00| ||ger c
035 |a (DE-627)1752229800 
035 |a (DE-599)KXP1752229800 
035 |a (OCoLC)1341400989 
040 |a DE-627  |b ger  |c DE-627  |e rda 
041 |a ger 
084 |a 11  |2 sdnb 
100 1 |a Rudolf, Gerd  |d 1939-  |e VerfasserIn  |0 (DE-588)107149508  |0 (DE-627)391860763  |0 (DE-576)289571316  |4 aut 
245 1 0 |a Psychosomatische Medizin  |c G. Rudolf, J. Küchenhoff 
264 1 |c 1999 
300 |a 85 
336 |a Text  |b txt  |2 rdacontent 
337 |a ohne Hilfsmittel zu benutzen  |b n  |2 rdamedia 
338 |a Band  |b nc  |2 rdacarrier 
700 1 |a Küchenhoff, Joachim  |d 1953-  |e VerfasserIn  |0 (DE-588)120175177  |0 (DE-627)08050034X  |0 (DE-576)168674599  |4 aut 
773 0 8 |i Enthalten in  |t Innere Medizin  |d Stuttgart : Hippokrates-Verl. im Thieme Verl., 1999  |g (1999), Seite 1523-1607  |h 1790 S.  |w (DE-627)1630794759  |w (DE-576)070443092  |z 3131181613  |7 nnam  |a Psychosomatische Medizin 
773 1 8 |g year:1999  |g pages:1523-1607  |g extent:85  |a Psychosomatische Medizin 
951 |a AR 
992 |a 20210323 
993 |a BookComponentPart 
994 |a 1999 
998 |g 107149508  |a Rudolf, Gerd  |m 107149508:Rudolf, Gerd  |d 910000  |d 910700  |e 910000PR107149508  |e 910700PR107149508  |k 0/910000/  |k 1/910000/910700/  |p 1  |x j 
999 |a KXP-PPN1752229800  |e 3893257640 
BIB |a Y 
JSO |a {"id":{"eki":["1752229800"]},"physDesc":[{"extent":"85 S."}],"title":[{"title_sort":"Psychosomatische Medizin","title":"Psychosomatische Medizin"}],"name":{"displayForm":["G. Rudolf, J. Küchenhoff"]},"person":[{"family":"Rudolf","given":"Gerd","role":"aut","display":"Rudolf, Gerd"},{"family":"Küchenhoff","given":"Joachim","display":"Küchenhoff, Joachim","role":"aut"}],"origin":[{"dateIssuedKey":"1999","dateIssuedDisp":"1999"}],"recId":"1752229800","type":{"bibl":"chapter"},"language":["ger"],"relHost":[{"origin":[{"dateIssuedKey":"1999","dateIssuedDisp":"1999","publisherPlace":"Stuttgart","publisher":"Hippokrates-Verl. im Thieme Verl."}],"note":["CD-ROM u.d.T.: Hahn, Johannes-Martin: Checkliste Innere Medizin, 2., überarb. u. erw. Aufl"],"type":{"bibl":"edited-book"},"recId":"1630794759","disp":"Psychosomatische MedizinInnere Medizin","titleAlt":[{"title":"Checkliste Innere Medizin"},{"title":"Checkliste Innere Medizin"},{"title":"Checkliste innere Medizin"}],"id":{"eki":["1630794759"],"isbn":["3131181613"]},"person":[{"role":"oth","display":"Baenkler, Hanns-Wolf","family":"Baenkler","given":"Hanns-Wolf"},{"display":"Hahn, Johannes-Martin","role":"oth","family":"Hahn","given":"Johannes-Martin"},{"role":"oth","display":"Clement, Ulrich","given":"Ulrich","family":"Clement"}],"part":{"text":"(1999), Seite 1523-1607","year":"1999","extent":"85","pages":"1523-1607"},"language":["ger"],"physDesc":[{"noteIll":"Ill., graph. Darst.","extent":"1790 S.","noteAccMat":"1 CD-ROM"}],"title":[{"title_sort":"Innere Medizin","title":"Innere Medizin","subtitle":"611 Tabellen"}],"name":{"displayForm":["H.-W. Baenkler ... Unter Mitarb. von U. Clement ..."]}}]} 
SRT |a RUDOLFGERDPSYCHOSOMA1999